000 00946nam a2200217Ia 4500
003 OSt
005 20240729154107.0
008 210719s2012 xx 000 0 und d
040 _cAL
041 _aKannada
082 _aK894.4 JANB
100 _aJANARDANA BHAT (B)
_dಜನಾರ್ದನ ಭಟ್ (ಬಿ)
_9174404
245 _aBermaru enadaru? Kannada sahitya mattu tulu aradhanalokada kuritada kelavu lekhanagalu
_bಬೆರ್ಮೆರು ಏನಾದರು? ಕನ್ನಡ ಸಾಹಿತ್ಯ ಮತ್ತು ತುಳು ಆರಾಧನಾಲೋಕದ ಕುರಿತು ಕೆಲವು ಲೇಖನಗಳು
260 _aMandya
_bShri Rama Prakashana.,
_c2012
300 _avi,180
_bPB
365 _b125
_cRs
650 _aKannada literature
_9174405
650 _aKannada Prose
_9174406
906 _aaradhanalokada ; Bermaru ; enadaru? ; Kannada ; kelavu ; kuritada ; lekhanagalu ; mattu ; sahitya ; tulu
942 _2ddc
_cBK
999 _c211859
_d211859